000 00672nam a2200205 i 4500
001 102629
003 ES-MaACL
005 20230906183140.0
007 t|
008 051123s1967 pr ||||1| spa d
080 _a821.134.2(729.5).09
080 _a821.134.2(8.03).09
100 1 _aLópez, Julio César.
_973350
245 1 0 _aTemas y estilos en ocho escritores /
_cJulio César López.
260 _aSan Juan de Puerto Rico :
_b[s.n.],
_c1967.
300 _a119 p. ;
_c20 cm.
650 1 4 _aLiteratura hispanoamericana-
_xHistoria y crítica.
_914606
650 1 4 _aLiteratura puertorriqueña-
_xHistoria y crítica.
_914653
852 _aES-MaACL
_jE-11141
_bR.136821
999 _c102629
_d102629